[Event "1st Asean Open"]
[Site "Bandar Seri Begawan BRU"]
[Date "2001.07.01"]
[Round "6"]
[White "Myo Naing"]
[Black "Dwyer,D"]
[Result "1-0"]
[WhiteElo "2413"]
[BlackElo "2163"]

1.e4 c5 2.Nf3 Nc6 3.d4 cxd4 4.Nxd4 Nf6 5.Nc3 d6 6.Bg5 e6 7.Qd2 Be7 8.O-O-O Nxd4
9.Qxd4 O-O 10.f3 Bd7 11.Kb1 Qa5 12.Qd2 Kh8 13.h4 Rfd8 14.h5 Rac8 15.Ne2 Qxd2
16.Bxd2 h6 17.Be3 b6 18.Nd4 e5 19.Nb5 Bxb5 20.Bxb5 d5 21.exd5 Nxd5 22.Bc4 Nf6
23.Rde1 Bd6 24.Bd3 Nd5 25.Be4 Nf4 26.g3 Ne6 27.Bf5 Re8 28.Rd1 Rcd8 29.c3 Kg8
30.Rd5 Kf8 31.Rhd1 Ke7 32.b3 Bc5 33.Bxe6 fxe6 34.Rxd8 Rxd8 35.Rxd8 Kxd8 36.Kc2 Bd6
37.g4 e4 38.fxe4 b5 39.Kd3 e5  1-0

[Event "1st Asean Open"]
[Site "Bandar Seri Begawan BRU"]
[Date "2001.07.02"]
[Round "8"]
[White "Myo Naing"]
[Black "Suradiradja,H"]
[Result "1-0"]
[WhiteElo "2413"]
[BlackElo "2285"]

1.e4 c5 2.Nf3 Nc6 3.d4 cxd4 4.Nxd4 Nf6 5.Nc3 d6 6.Bg5 e6 7.Qd2 a6 8.O-O-O Bd7
9.f3 Be7 10.g4 Rc8 11.h4 Nxd4 12.Qxd4 Qa5 13.Kb1 Bc6 14.Be3 b5 15.g5 Nh5
16.Bh3 b4 17.Nd5 e5 18.Qxb4 Qxb4 19.Nxb4 Bd7 20.Bxd7+ Kxd7 21.Nxa6 Ke6 22.Nb4 f5
23.gxf6 Nxf6 24.c3 Rhf8 25.Bg5 h6 26.Bxf6 Rxf6 27.Rd3 Rf4 28.h5 Rh4 29.Rxh4 Bxh4
30.Nd5 Rf8 31.b4 Bg3 32.Kc2 g6 33.hxg6 Rg8 34.Rd1 Rxg6 35.Ne3 Bf4 36.Nf5 Kd7
37.Kb3 h5 38.a4 Kc7 39.a5  1-0

[Event "FSIMA July"]
[Site "Budapest HUN"]
[Date "2001.07.02"]
[Round "1"]
[White "Bjornsson,S"]
[Black "Gara,T"]
[Result "1-0"]
[WhiteElo "2297"]
[BlackElo "2381"]

1.e4 c5 2.Nf3 d6 3.d4 cxd4 4.Nxd4 Nf6 5.Nc3 Nc6 6.Bg5 e6 7.Qd2 a6 8.O-O-O h6
9.Be3 Be7 10.f3 Nxd4 11.Bxd4 b5 12.Kb1 Rb8 13.g4 b4 14.Ne2 e5 15.Ba7 Rb7
16.Be3 Be6 17.Nc1 a5 18.h4 a4 19.Ba6 Rb8 20.g5 hxg5 21.hxg5 Nh5 22.Qd3 a3
23.Bc4 axb2 24.Ne2 Qc8 25.Bb3 g6 26.f4 Bxb3 27.cxb3 Ra8 28.f5 Qa6 29.Qxa6 Rxa6
30.Kxb2 Kd7 31.f6 Rha8 32.Nc1 Bd8 33.Bd2 Bb6 34.Bxb4 Bd4+ 35.Bc3 Bxc3+ 36.Kxc3 Rc6+
37.Kb2 Rac8 38.Rh2 Ng3 39.Nd3 Ke6 40.Nb4 Rc3 41.Re1 Rf3 42.Rc2 Rxc2+ 43.Kxc2 Rf4
44.Kd3 Rg4 45.a4 Rxg5 46.a5 Rh5 47.a6 Rh8 48.Ra1 Kd7 49.Nd5 Kc6 50.b4 Nh5
51.b5+ Kxb5 52.a7 Nxf6 53.a8=Q Rxa8 54.Rxa8 Nxd5 55.exd5 Kc5 56.Rf8 f5 57.Rf6 Kxd5
58.Rxg6 e4+ 59.Ke3 Ke5 60.Rg8 f4+ 61.Ke2 d5 62.Re8+ Kd4 63.Re7 f3+ 64.Kd2 Kc4
65.Ke3 Kc5 66.Rd7 Kc6 67.Rd8 Kc5 68.Rd7 Kc6 69.Rd8 Kc5 70.Ra8 Kd6 71.Kd4 Ke6
72.Ra5 Kf6 73.Ra8 Kf5 74.Ke3 Ke5 75.Rd8 Ke6 76.Kd4 Kf5 77.Rxd5+ Kf4 78.Rd8 Kg3
79.Ke3 Kg2 80.Rf8 Kg1 81.Rf7 Kg2 82.Rg7+ Kf1 83.Rg8  1-0

[Event "6th Leg Russian Cup"]
[Site "Tomsk RUS"]
[Date "2001.07.03"]
[Round "4"]
[White "Maletin,P"]
[Black "Katalymov,B"]
[Result "0-1"]
[WhiteElo "2243"]
[BlackElo "2424"]

1.e4 c5 2.Nf3 d6 3.d4 cxd4 4.Nxd4 Nf6 5.Nc3 Nc6 6.Bg5 Bd7 7.Qd2 Rc8 8.O-O-O Nxd4
9.Qxd4 Qa5 10.f4 e5 11.fxe5 dxe5 12.Qd2 Bc6 13.Nd5 Qxd2+ 14.Rxd2 Be7 15.Bxf6 Bxf6
16.Nxf6+ gxf6 17.Bd3 Ke7 18.Rf1 h5 19.Rdf2 Rh6 20.Kd2 Rg8 21.Ke3 Rg4 22.Rd1 Rhg6
23.Rdd2 Rh4 24.g3 Rhg4 25.b4 h4 26.gxh4 Rxh4 27.b5 Bd7 28.Rg2 Rgh6 29.Rdf2 b6
30.a4 Rh8 31.a5 Bh3 32.Rg1 Bd7 33.axb6 axb6 34.Ra1 Rh3+ 35.Rf3 Rxh2 36.Ra7 Rb8
37.Rg3 Rhh8 38.Kd2 Ra8 39.Ra6 Rhb8 40.Bc4 Bc8 41.Rxa8 Rxa8 42.Bd5 Ra7 43.Rg8 Bd7
44.Rb8 Bxb5 45.Rxb6 Bd7 46.c4 f5 47.exf5 Bxf5 48.Ke3 Ra3+ 49.Kf2 Bg6 50.c5 Rc3
51.Rb7+ Kf6 52.c6 e4 53.c7 e3+ 54.Ke2 Ke5 55.c8=Q Rxc8 56.Bxf7 Be4 57.Rb4 Rc3
58.Bb3 Bg6 59.Rb5+ Kf4 60.Ke1 Bd3 61.Rb4+ Kf3 62.Bd1+ e2 63.Bxe2+ Bxe2 64.Kd2 Rd3+
65.Kc2 Ke3 66.Kb2 Bd1 67.Rb8 Kd2 68.Rb4 Bc2 69.Rb8 Rd4 70.Rb6 Be4 71.Rb8 Bd5
72.Rb5 Kd3 73.Rc5 Rb4+ 74.Ka1 Bc4 75.Rh5 Kc3 76.Rh3+ Bd3 77.Rh2 Rf4  0-1

[Event "6th Leg Russian Cup"]
[Site "Tomsk RUS"]
[Date "2001.07.03"]
[Round "4"]
[White "Kurnosov,I"]
[Black "Khasin,Al"]
[Result "1-0"]
[WhiteElo "2375"]
[BlackElo "2542"]

1.e4 c5 2.Nf3 Nc6 3.d4 cxd4 4.Nxd4 Nf6 5.Nc3 d6 6.Bg5 Qb6 7.Nb3 e6 8.Qd2 a6
9.O-O-O Qc7 10.f3 Rb8 11.g4 b5 12.Be3 b4 13.Ne2 a5 14.Kb1 a4 15.Nbd4 Ne5
16.Nf4 Nc4 17.Bxc4 Qxc4 18.e5 Nd7 19.exd6 e5 20.Nf5 g6 21.Nd5 gxf5 22.Bg5 Bg7
23.Be7 f6 24.g5 Bb7 25.gxf6 Bxd5 26.b3 axb3 27.axb3 Qc6 28.fxg7 Rg8 29.Qxd5 Qxd5
30.Rxd5 Rxg7 31.f4 Kf7 32.fxe5 Ke6 33.Rd4 Rg4 34.Rhd1 Nxe5 35.Rxg4 fxg4 36.Re1 Rb5
37.Re4 h5 38.Rf4 Nd7 39.Kc1 Ke5 40.Rc4 Kf5 41.Bh4 Ke6 42.Bg3 Nf6 43.Kd2 Nd7
44.Ke3 Nf6 45.Rd4 Rf5 46.d7 Nd5+ 47.Ke4 Nf6+ 48.Kd3 Nxd7 49.Rxb4 Rf3+ 50.Ke2 Nf6
51.Rd4 Kf5 52.Rd3 Ke4 53.Rxf3 gxf3+ 54.Kd2 Nd5 55.Bf2 Nf6 56.b4 Ng4 57.Bg3 h4
58.Bxh4 Nxh2 59.b5 Kd5 60.c4+ Kxc4 61.b6 f2 62.Bxf2 Nf3+ 63.Ke3 Ne5 64.Ke4 Nd7
65.b7 Nb8 66.Ke5 Kb5 67.Kd6 Na6 68.Ba7 Kb4 69.Kc6 Ka5 70.Bb6+ Ka4 71.Bc7 Nb4+
72.Kb6 Nd5+ 73.Ka7 Ne7 74.Bd6  1-0

[Event "6th Leg Russian Cup"]
[Site "Tomsk RUS"]
[Date "2001.07.06"]
[Round "7"]
[White "Smirnov,P"]
[Black "Shushpanov,R"]
[Result "1-0"]
[WhiteElo "2511"]
[BlackElo "2370"]

1.e4 c5 2.Nf3 d6 3.d4 cxd4 4.Nxd4 Nf6 5.Nc3 Nc6 6.Bg5 e6 7.Qd2 Qb6 8.Nb3 a6
9.O-O-O Qc7 10.Kb1 Rb8 11.f4 Be7 12.Be2 Bd7 13.Bxf6 Bxf6 14.Qxd6 Qxd6 15.Rxd6 Bxc3
16.bxc3 Ke7 17.Rhd1 Rhd8 18.e5 Be8 19.Bf3 Rdc8 20.c4 b6 21.Kc1 a5 22.Bxc6 Rxc6
23.Rxc6 Bxc6 24.g3 Bd7 25.Rd6 a4 26.Nd2 f6 27.Kb2 fxe5 28.fxe5 b5 29.Kc3 b4+
30.Kd4 Be8 31.c5 Bg6 32.c6 Rd8 33.Kc5 Bxc2 34.Nc4 Be4 35.Rxd8 Kxd8 36.Kd6  1-0

[Event "ch-SCO"]
[Site "Aberdeen SCO"]
[Date "2001.07.07"]
[Round "1"]
[White "Arakhamia,K"]
[Black "Stevenson,J"]
[Result "1/2-1/2"]
[WhiteElo "2446"]
[BlackElo "2132"]

1.e4 c5 2.Nf3 d6 3.d4 cxd4 4.Nxd4 Nf6 5.Nc3 Nc6 6.Bg5 e6 7.Qd2 Be7 8.O-O-O O-O
9.Nb3 Qb6 10.f3 Rd8 11.Kb1 a6 12.Be3 Qc7 13.Qf2 Nd7 14.g4 b5 15.h4 Rb8 16.g5 Nb6
17.f4 b4 18.Ne2 d5 19.e5 Nc4 20.Ned4 Bd7 21.Nxc6 Bxc6 22.Bd4 a5 23.Bd3 a4
24.Nc1 Bd7 25.h5 Rdc8 26.Rdg1 Na3+ 27.bxa3 bxa3+ 28.Nb3 axb3 29.cxb3 Bb5
30.Bxb5 Rxb5 31.Rc1 Qb7 32.Rxc8+ Qxc8 33.Rc1 Qe8 34.Qc2 Rb8 35.Qc6 Qf8 36.Qd7 Rd8
37.Qc7 Qe8 38.Rc6 Rd7 39.Qb6 Qf8 40.Kc2 Qe8 41.Kd3 Bf8 42.Ke3 Qa8 43.g6 hxg6
44.hxg6 fxg6 45.Rxe6 Rb7 46.Qa6 Qc8 47.Qc6 Rc7 48.Qxd5 Kh8 49.Qh1+ Kg8 50.Qd5 Kh7
51.Qh1+  1/2-1/2

[Event "FSIMA July"]
[Site "Budapest HUN"]
[Date "2001.07.07"]
[Round "6"]
[White "Gara,A"]
[Black "Fernandez,Ra"]
[Result "1-0"]
[WhiteElo "2303"]
[BlackElo "2217"]

1.e4 c5 2.Nf3 Nc6 3.d4 cxd4 4.Nxd4 Nf6 5.Nc3 d6 6.Bg5 e6 7.Qd2 Be7 8.O-O-O O-O
9.Nb3 Qb6 10.f3 Rd8 11.Nb5 Rd7 12.Qe1 a6 13.N5d4 Qc7 14.g4 Rd8 15.Kb1 Ne5
16.h4 d5 17.Bxf6 Bxf6 18.g5 Be7 19.f4 Nc6 20.e5 a5 21.Nb5 Qb6 22.a4 Bd7 23.h5 Na7
24.N3d4 Bc5 25.g6 fxg6 26.hxg6 h6 27.Rh3 Nxb5 28.Nxb5 Rf8 29.Qd2 Bb4 30.Qh2 Qd8
31.Bd3 Qe7 32.Rg1 Bc5 33.Rg2 Bxb5 34.axb5 a4 35.Rxh6 gxh6 36.g7 Rf6 37.exf6  1-0

[Event "2nd IM"]
[Site "Saint Lo FRA"]
[Date "2001.07.07"]
[Round "1"]
[White "Mullon,J"]
[Black "Aarthie,R"]
[Result "1/2-1/2"]
[WhiteElo "2311"]
[BlackElo "2249"]

1.e4 c5 2.Nf3 Nc6 3.d4 cxd4 4.Nxd4 Nf6 5.Nc3 d6 6.Bg5 e6 7.Qd2 Be7 8.O-O-O Nxd4
9.Qxd4 a6 10.f4 b5 11.Be2 Bb7 12.Bf3 O-O 13.e5 Bxf3 14.exf6 gxf6 15.gxf3 fxg5
16.Ne4 d5 17.Nxg5 Bf6 18.Qd3 Bxg5 19.Rdg1 Qf6 20.fxg5 Qg6 21.Qd2 Rac8 22.h4 Qh5
23.Qe3 Rc4 24.g6 fxg6 25.Qxe6+ Kh8 26.b3  1/2-1/2

[Event "Glorney Cup"]
[Site "Hyerois FRA"]
[Date "2001.07.08"]
[Round "1"]
[White "Tabatabai,J"]
[Black "Werle,J"]
[Result "0-1"]
[WhiteElo "2039"]
[BlackElo "2412"]

1.e4 c5 2.Nf3 d6 3.d4 cxd4 4.Nxd4 Nf6 5.Nc3 Nc6 6.Bg5 e6 7.Qd2 a6 8.O-O-O h6
9.Be3 Be7 10.f4 Nxd4 11.Bxd4 b5 12.Be2 b4 13.Na4 Rb8 14.Bxf6 gxf6 15.e5 fxe5
16.h4 Qa5 17.fxe5 Qxe5 18.Qd4 Qxd4 19.Rxd4 Rg8 20.Rf4 f5 21.Bh5+ Kd8 22.Rf2 Rg3
23.Bf3 Bf6 24.Rd2 Ke7 25.b3 Bb7 26.Bxb7 Rxb7 27.Nb2 Bc3 28.Re2 Kf6  0-1

[Event "Faber Cup"]
[Site "Hyerois FRA"]
[Date "2001.07.10"]
[Round "4"]
[White "Muhren,B"]
[Black "Powell,A"]
[Result "1-0"]
[WhiteElo "2216"]
[BlackElo "2017"]

1.e4 c5 2.Nf3 d6 3.d4 cxd4 4.Nxd4 Nf6 5.Nc3 Nc6 6.Bg5 e6 7.Nxc6 bxc6 8.Qf3 Be7
9.O-O-O d5 10.e5 Nd7 11.Bxe7 Qxe7 12.Qg3 g6 13.f4 Rb8 14.Ne2 Qb4 15.Qc3 Qa4
16.Kb1 c5 17.g4 h5 18.Bh3 Ba6 19.Rhe1 Bxe2 20.Rxe2 hxg4 21.Bxg4 Qxf4 22.h3 Qb4
23.Kc1 Qxc3 24.bxc3 c4 25.Rf1 Ke7 26.a3 Rb6 27.Kd2 Nc5 28.Re3 Rb2 29.Ref3 Nb3+
30.Ke3 Rxc2 31.Rxf7+ Ke8 32.Bxe6 Rxc3+ 33.Kf4 Nd4 34.Bxd5 Ne2+ 35.Kg5 Rg3+
36.Kf6 Rgxh3 37.Rb1 Rb3 38.Rxb3 cxb3 39.Bxb3 Rh3 40.Ba4+ Kd8 41.e6  1-0

[Event "Glorney Cup"]
[Site "Hyerois FRA"]
[Date "2001.07.11"]
[Round "5"]
[White "L'Ami,E"]
[Black "Templier,N"]
[Result "1/2-1/2"]
[WhiteElo "2275"]
[BlackElo "2264"]

1.e4 c5 2.Nf3 Nc6 3.d4 cxd4 4.Nxd4 Nf6 5.Nc3 d6 6.Bg5 e6 7.Qd2 Be7 8.O-O-O Nxd4
9.Qxd4 O-O 10.f4 Qa5 11.Bc4 Bd7 12.Bxf6 Bxf6 13.e5 Be7 14.exd6 Bf6 15.Qd3 Bxc3
16.Qxc3 Qxc3 17.bxc3 Rac8 18.Bb3 Rxc3 19.f5 Re3 20.Rhe1 Rxe1 21.Rxe1 Re8
22.Kb2 Bc8 23.fxe6  1/2-1/2

[Event "FSIMA July"]
[Site "Budapest HUN"]
[Date "2001.07.12"]
[Round "11"]
[White "Grafl,F"]
[Black "Blokhuis,J"]
[Result "1/2-1/2"]
[WhiteElo "2317"]
[BlackElo "2341"]

1.e4 c5 2.Nf3 Nc6 3.d4 cxd4 4.Nxd4 Nf6 5.Nc3 d6 6.Bg5 e6 7.Qd2 Be7 8.O-O-O Nxd4
9.Qxd4 O-O 10.f4 Qa5 11.Kb1 Rd8 12.h4 Bd7 13.Bd3 Bc6 14.Qe3 Rd7 15.Qe2 h6
16.e5 dxe5 17.fxe5 Nd5 18.Nxd5 Bxd5 19.c4 Bxc4 20.Bxc4 Rxd1+ 21.Rxd1 hxg5
22.Qe4 gxh4 23.Bd3 g6 24.Qxb7 Re8 25.Qd7 Qd8 26.Qxa7 Qd5 27.Bc2 Qxe5 28.Qd4 Qxd4
29.Rxd4 f5 30.Bb3 Kf7 31.a4 g5 32.a5 Ra8 33.Ra4 g4 34.Bd1 e5 35.a6 Ra7 36.b4 Bxb4
37.Rxb4 Rxa6 38.Bxg4 fxg4 39.Rxg4 Rh6 40.Kc2 Kf6 41.Kd3 Kf5 42.Ra4 Rd6+ 43.Ke3 Rd4
44.Ra8 Re4+ 45.Kf3 Rb4 46.Ke3 Rg4 47.Rf8+ Ke6 48.Rh8 Kf6 49.Rh5 Kg6 50.Rxe5 Rxg2
51.Kf3 Rg3+ 52.Kf2 Kh6 53.Re1 Kh5 54.Rg1 Rxg1 55.Kxg1  1/2-1/2

[Event "FSIMA July"]
[Site "Budapest HUN"]
[Date "2001.07.14"]
[Round "13"]
[White "Wang Shuai"]
[Black "Blokhuis,J"]
[Result "1/2-1/2"]
[WhiteElo "2320"]
[BlackElo "2341"]

1.e4 c5 2.Nf3 Nc6 3.d4 cxd4 4.Nxd4 Nf6 5.Nc3 d6 6.Bg5 e6 7.Qd2 Be7 8.O-O-O Nxd4
9.Qxd4 O-O 10.f4 Qa5 11.Bc4 Bd7 12.e5 dxe5 13.Qxe5 Qd8 14.Rd4 Rc8 15.Rhd1 Qe8
16.Qe2 Rc7 17.Nb5 Bxb5 18.Bxb5 Qc8 19.Kb1 h6 20.Bh4 Nd5 21.Bxe7 Nxe7 22.Bd3 Nc6
23.Rc4 Rd8 24.Qe4 g6 25.h4 Rcd7 26.h5 Rd4 27.Rxd4 Rxd4 28.Qe3 gxh5 29.Rh1 Qc7
30.g3 Qb6 31.f5 Rh4 32.Qc1 Rxh1 33.Qxh1 Nb4 34.a3 Nxd3 35.cxd3 Qb5 36.fxe6 Qxd3+
37.Ka1 fxe6 38.Qxh5 Qf1+ 39.Ka2 Qf6 40.Qe8+ Kg7 41.Qb8 Qf3  1/2-1/2

[Event "Asian U20"]
[Site "Tehran IRI"]
[Date "2001.07.14"]
[Round "3"]
[White "Nguyen Thanh Son"]
[Black "Ahmad,Az"]
[Result "1/2-1/2"]
[WhiteElo "2404"]
[BlackElo "2328"]

1.e4 c5 2.Nf3 Nc6 3.d4 cxd4 4.Nxd4 Nf6 5.Nc3 d6 6.Bg5 e6 7.Qd2 a6 8.O-O-O Nxd4
9.Qxd4 Be7 10.f4 b5 11.Bxf6 gxf6 12.Be2 Qc7 13.f5 Qc5 14.Bh5 Qxd4 15.Rxd4 O-O
16.Rf1 e5 17.Rd3 Bb7 18.Nd5 Bxd5 19.Rxd5 Rac8 20.Be2 Rc5 21.Rxc5 dxc5 22.Rd1 Rd8
23.Rxd8+ Bxd8 24.a4 c4 25.c3 Kf8 26.Kc2 Ke7 27.b3 cxb3+ 28.Kxb3 bxa4+ 29.Kxa4 a5
30.Kb5 Kd7 31.Bc4 Kd6 32.Bb3 Kc7 33.c4 Be7 34.Ba4 Bb4 35.c5 Bd2 36.Kc4 Be3
37.Be8 h5 38.h4 Bf2 39.Bxf7 Bxh4 40.Bxh5 a4 41.Kb4 Bf2 42.Bf7 a3 43.Bd5 Be3
44.g4 Bc1 45.Bc4 Be3  1/2-1/2

[Event "PanAm Junior"]
[Site "Yucay PER"]
[Date "2001.07.14"]
[Round "9"]
[White "Bittencourt,J"]
[Black "Cabrera,A"]
[Result "0-1"]
[WhiteElo "2283"]
[BlackElo "2415"]

1.e4 c5 2.Nf3 Nc6 3.d4 cxd4 4.Nxd4 Nf6 5.Nc3 d6 6.Bg5 e6 7.Qd2 h6 8.Be3 Ng4
9.O-O-O Nxe3 10.Qxe3 Be7 11.Kb1 a6 12.f4 Bd7 13.e5 d5 14.Qg3 g6 15.h4 Nxd4
16.Rxd4 Qb6 17.Rd3 O-O-O 18.Be2 Kb8 19.h5 g5 20.fxg5 hxg5 21.Rf1 Rdf8 22.Bg4 Qc7
23.Nxd5 exd5 24.Rc3 Bc6  0-1

[Event "Asian U20"]
[Site "Tehran IRI"]
[Date "2001.07.17"]
[Round "7"]
[White "Mahesh Chandran,P"]
[Black "Venkatesh,M"]
[Result "0-1"]
[WhiteElo "2339"]
[BlackElo "2356"]

1.e4 c5 2.Nf3 Nc6 3.d4 cxd4 4.Nxd4 Nf6 5.Nc3 d6 6.Bg5 e6 7.Qd2 a6 8.O-O-O Bd7
9.f4 b5 10.Bxf6 gxf6 11.Kb1 Qb6 12.Nce2 Rc8 13.g3 b4 14.Bg2 a5 15.Nxc6 Bxc6
16.Nd4 Bd7 17.Rhe1 a4 18.e5 fxe5 19.fxe5 d5 20.Rf1 Bc5 21.Bf3 b3 22.cxb3 axb3
23.a3 Qc7 24.Bh5 Qxe5 25.Bxf7+ Ke7 26.Bxe6 Bxe6 27.Nxe6 Be3 28.Qb4+ Kxe6
29.Rde1 Rc2 30.Qg4+ Kd6 31.Qb4+ Bc5 32.Qxb3 Re2 33.Rxe2 Qxe2 34.Rf6+ Ke5
35.Rc6 Bd4 36.Rc2 Qe4 37.Qb7 Re8 38.Qc7+ Kf6 39.Ka2 Re7 40.Qd6+ Kf7 41.Rd2 Re6
42.Qb4 Bb6 43.Qb5 Rd6 44.Re2 Be3 45.Re1 d4 46.Rc1 Kg6 47.Qb8 Qe6+ 48.Ka1 d3
49.Qf8 d2 50.Qf3 Rc6  0-1

[Event "Wilbert Paige Mem"]
[Site "New York USA"]
[Date "2001.07.18"]
[Round "5"]
[White "Kobese,W"]
[Black "Colding,E"]
[Result "1-0"]
[WhiteElo "2373"]
[BlackElo "2258"]

1.e4 c5 2.Nf3 d6 3.d4 cxd4 4.Nxd4 Nf6 5.Nc3 Nc6 6.Bg5 Qb6 7.Nb3 e6 8.Be2 a6
9.a4 Na5 10.Be3 Qc7 11.Nxa5 Qxa5 12.O-O Be7 13.Qd2 Bd7 14.f4 Bc6 15.Bf3 Rc8
16.Kh1 d5 17.exd5 exd5 18.Rfd1 Bb4 19.Qf2 Bxc3 20.Bb6 Qb4 21.bxc3 Qxf4 22.Qc5 Kd7
23.c4 Rhe8 24.Qa3 Qxc4 25.Qb2 Qf4 26.c4 Re5 27.Bd4 Rf5 28.Bxf6 Rxf6 29.cxd5 Bxa4
30.Rd4 Qe5 31.Bg4+  1-0

[Event "Lasker Mem Open"]
[Site "Barlinek CZE"]
[Date "2001.07.19"]
[Round "4"]
[White "Dobrowolski,A"]
[Black "Babaev,Ra"]
[Result "0-1"]
[WhiteElo "2222"]
[BlackElo "2361"]

1.e4 c5 2.Nf3 d6 3.d4 cxd4 4.Nxd4 Nf6 5.Nc3 Nc6 6.Bg5 e6 7.Qd2 a6 8.O-O-O h6
9.Be3 Be7 10.f3 Nxd4 11.Bxd4 b5 12.Bd3 Bb7 13.Kb1 b4 14.Ne2 e5 15.Be3 d5
16.exd5 Bxd5 17.Ng3 Qa5 18.b3 Be6 19.Be4 Rc8 20.Qf2 O-O 21.Nf5 Bxf5 22.Bxf5 Nd5
23.Rxd5 Qxd5 24.Bxc8 Rxc8 25.Qd2 Qc6 26.Qd3 Rd8 27.Qe4 Qb5 28.Re1 Bf6 29.Bc1 Rd4
30.Qa8+ Rd8 31.Qe4 Qc5 32.Bb2 Rd2 33.f4 exf4 34.Qe8+ Kh7 35.Qe4+ Kg8 36.Qe8+ Qf8
37.Qxf8+ Kxf8 38.Bxf6 gxf6 39.Rf1 Rxg2 40.Rxf4 a5 41.h4 Ke7 42.Rf5 Ke6 43.Rxa5 f5
44.Kc1 f4 45.Kd1 f3 46.Ke1 Rxc2 47.Ra4 Ke5 48.Rxb4 Rxa2 49.Rc4 f5 50.b4 f4
51.Rc3 Rb2 52.Rxf3 Rxb4 53.Ra3 Kf5 54.Ra6 h5 55.Kf2 Rb2+ 56.Kf3 Rb3+ 57.Kf2 Kg4
58.Rg6+ Kxh4 59.Rg8 Kh3 60.Rf8 Kg4 61.Rg8+ Kf5 62.Rf8+ Kg4 63.Rg8+ Kh3 64.Rf8 Rb4
65.Rh8 h4 66.Kf3 Ra4 67.Rh7 Ra8 68.Kxf4 Rf8+ 69.Ke3 Kg3 70.Rg7+ Kh2 71.Rg6 h3
72.Ke2 Kh1 73.Rg7 Ra8 74.Kf2 Ra2+ 75.Kf1 Rg2 76.Rh7 Kh2 77.Rh8 Rg7 78.Rh6 Rg5
79.Rh7 Rf5+ 80.Ke2 Rf4 81.Ke1 Kg2 82.Rg7+ Kf3 83.Rh7 Kg3 84.Rg7+ Kh4 85.Rh7+ Kg4
86.Rg7+ Kf3 87.Rh7 Kg2 88.Rg7+ Kh1 89.Rh7 Rf3 90.Ke2 Kg2 91.Rg7+ Rg3 92.Rf7 h2
93.Rf2+ Kh3  0-1

[Event "Open"]
[Site "Novosibirsk RUS"]
[Date "2001.07.19"]
[Round "1"]
[White "Zinoviev,S"]
[Black "Yakunin,A"]
[Result "0-1"]
[WhiteElo "2098"]
[BlackElo "2353"]

1.e4 c5 2.Nf3 d6 3.d4 cxd4 4.Nxd4 Nf6 5.Nc3 Nc6 6.Bg5 e6 7.Qd2 a6 8.O-O-O h6
9.Be3 Nxd4 10.Bxd4 b5 11.f3 Bb7 12.Bd3 Be7 13.Kb1 b4 14.Na4 Bc6 15.Nb6 Rb8
16.Qf2 O-O 17.Rhe1 a5 18.Nc4 d5 19.Ne5 Ba8 20.exd5 Nxd5 21.Qg3 Bh4 22.Qg4 f5
23.Qxg7+ Kxg7 24.Nc6+ Kf7 25.Nxd8+ Rfxd8 26.g3 Bf6  0-1

[Event "Open"]
[Site "Novosibirsk RUS"]
[Date "2001.07.19"]
[Round "1"]
[White "Khaptaev,A"]
[Black "Bocharov,D"]
[Result "0-1"]
[WhiteElo "2114"]
[BlackElo "2385"]

1.e4 c5 2.Nf3 Nc6 3.d4 cxd4 4.Nxd4 Nf6 5.Nc3 d6 6.Bg5 Qb6 7.Nb3 e6 8.Qd2 a6
9.O-O-O Qc7 10.f4 b5 11.Bd3 Be7 12.Rhe1 O-O 13.Re3 h6 14.Bxf6 Bxf6 15.g4 b4
16.Ne2 a5 17.g5 hxg5 18.e5 dxe5 19.Rh3 g6 20.fxg5 Bg7 21.Nc5 Rd8 22.Ne4 Ba6
23.Nf6+ Kf8 24.Qe3 Bxd3 25.Rxd3 Rxd3 26.Qxd3 Rc8 27.c3 bxc3 28.Nxc3 Nb4 29.Qe4 Qa7  0-1

[Event "Czech Open"]
[Site "Pardubice CZE"]
[Date "2001.07.20"]
[Round "1"]
[White "Pinter,E"]
[Black "Gutman,G"]
[Result "0-1"]
[WhiteElo "2277"]
[BlackElo "2519"]

1.e4 c5 2.Nf3 d6 3.d4 cxd4 4.Nxd4 Nf6 5.Nc3 Nc6 6.Bg5 e6 7.Qd2 h6 8.Bxf6 gxf6
9.O-O-O a6 10.f4 Bd7 11.Be2 h5 12.Bf3 Qb6 13.Kb1 Qxd4 14.Qxd4 Nxd4 15.Rxd4 Bc6
16.Rd3 h4 17.Bg4 Bh6 18.f5 Ke7 19.Re1 Bd7 20.Ne2 Rhg8 21.Bh3 Rac8 22.b3 b5
23.fxe6 fxe6 24.Red1 Rc6 25.Nd4 Rb6 26.Kb2 Bf4 27.Nf3 Rc6 28.Nxh4 Bxh2 29.Nf3 Bg3
30.c3 Bc8 31.Ra1 Rc5 32.Nd4 a5 33.a4 b4 34.c4 Be5 35.Rc1 Bb7 36.Re1 Rg3 37.Kc2 Rxd3
38.Kxd3 Bxd4 39.Kxd4 Rg5 40.Re3 Kf7 41.Kd3 Rh5 42.Rg3 f5 43.exf5 exf5 44.Ke3 Be4
45.Kf2 Kf6 46.Re3 Kg5 47.g4 fxg4 48.Bxg4 Rh2+ 49.Ke1 Kf4 50.Rh3 Rxh3 51.Bxh3 Bc2
52.Kd2 Bxb3 53.Kd3 Bxa4 54.Kd4 Bc6 55.Be6 a4 56.c5 d5 57.Bxd5 Bxd5 58.Kxd5 b3  0-1

[Event "Heart of Finland Open"]
[Site "Jyvaskyla FIN"]
[Date "2001.07.21"]
[Round "8"]
[White "Ernst,T"]
[Black "Sorsa,N"]
[Result "1-0"]
[WhiteElo "2435"]
[BlackElo "2239"]

1.e4 c5 2.Nf3 d6 3.d4 cxd4 4.Nxd4 Nf6 5.Nc3 Nc6 6.Bg5 e6 7.Qd2 a6 8.O-O-O h6
9.Be3 Nxd4 10.Bxd4 b5 11.f4 Be7 12.Qe3 Bb7 13.Bxf6 gxf6 14.Bd3 Qa5 15.Kb1 h5
16.Rhe1 O-O-O 17.f5 Kb8 18.Qh3 b4 19.Ne2 e5 20.Nc1 Rc8 21.Qf3 Rc6 22.Nb3 Qc7
23.Nd2 Bf8 24.Nf1 Bh6 25.Qxh5 Bg7 26.Qe2 Bh6 27.h3 a5 28.Ne3 Rc5 29.Ng4 Bg5
30.Rh1 d5 31.Nf2 Bh4 32.Ng4 Bg5 33.g3 dxe4 34.Bxe4 Bxe4 35.Qxe4 Rc4 36.Qd3 Qc6
37.Qe2 Rc8 38.Rh2 Re4 39.Qf1 a4 40.Re2 Rc4 41.Qg2 Qxg2 42.Rxg2 Rh8 43.Nf2 Be3
44.b3 Rc6 45.h4 Kc7 46.Ne4 Bd4 47.Rgd2 Rh5 48.Rf1 Rh8 49.Rf3 Kb6 50.bxa4 Ka5
51.a3 Kxa4 52.axb4 Rhc8 53.Rb3  1-0

[Event "Open"]
[Site "Novosibirsk RUS"]
[Date "2001.07.21"]
[Round "3"]
[White "Maletin,P"]
[Black "Abashev,D"]
[Result "1/2-1/2"]
[WhiteElo "2254"]
[BlackElo "2395"]

1.e4 c5 2.Nf3 d6 3.d4 cxd4 4.Nxd4 Nf6 5.Nc3 Nc6 6.Bg5 e6 7.Qd2 a6 8.O-O-O h6
9.Nxc6 bxc6 10.Bf4 d5 11.Qe3 Be7 12.Be2 O-O 13.h4 c5 14.exd5 exd5 15.Qg3 Kh8
16.Bf3 Be6 17.Bc7 Qd7 18.Be5 Rg8 19.Bxf6 Bxf6 20.Nxd5 Bxd5 21.Bxd5 Rab8 22.Bb3 Qc6
23.Rd6 Qe4 24.Qe3 Qxg2 25.Rhd1 Rge8 26.Qxc5 Qg4  1/2-1/2

[Event "Heart of Finland Open"]
[Site "Jyvaskyla FIN"]
[Date "2001.07.22"]
[Round "9"]
[White "Sorsa,N"]
[Black "Nevanlinna,R"]
[Result "1-0"]
[WhiteElo "2239"]
[BlackElo "2338"]

1.e4 c5 2.Nf3 d6 3.d4 Nf6 4.Nc3 cxd4 5.Nxd4 Nc6 6.Bg5 e6 7.Qd2 a6 8.O-O-O h6
9.Be3 Be7 10.f4 Nxd4 11.Bxd4 b5 12.Bd3 b4 13.Na4 Rb8 14.b3 O-O 15.h3 Bd7
16.Nb2 e5 17.fxe5 dxe5 18.Bxe5 Qa5 19.Nc4 Qxa2 20.Qe3 Rb5 21.Kd2 Rxe5 22.Nxe5 Be6
23.Nc6 Bd8 24.Qd4 Nxe4+ 25.Bxe4 Bg5+ 26.Ke2 Bf6 27.Ra1 Qxa1 28.Qxa1 Re8 29.Qa5  1-0

[Event "Czech Open"]
[Site "Pardubice CZE"]
[Date "2001.07.22"]
[Round "3"]
[White "Acs,P"]
[Black "Kutuzovic,B"]
[Result "1-0"]
[WhiteElo "2514"]
[BlackElo "2413"]

1.e4 c5 2.Nf3 d6 3.d4 cxd4 4.Nxd4 Nf6 5.Nc3 Nc6 6.Bg5 e6 7.Qd2 a6 8.O-O-O Nxd4
9.Qxd4 Be7 10.f4 b5 11.Bxf6 gxf6 12.f5 Qc7 13.Be2 Qc5 14.Qxc5 dxc5 15.fxe6 fxe6
16.Bh5+ Kf8 17.e5 f5 18.g4 Ra7 19.gxf5 exf5 20.Nd5 Kg7 21.Rhg1+ Kh6 22.Kb1 c4
23.Bf3 Rd8 24.Rde1 Bc5 25.Rgf1 Be6 26.Nf4 Re7 27.c3 Kg5 28.Bd1 Rde8 29.Bc2 Bc8
30.b4 Ba7 31.e6 Bxe6 32.Re2 Bc8 33.Rg2+ Kh6 34.Kb2 Re1 35.Rxe1 Rxe1 36.a4 Bb7
37.Rd2 Be3 38.Rd6+ Kg5 39.Ne6+ Kg4 40.h3+  1-0

[Event "XXI Open"]
[Site "Cullera ESP"]
[Date "2001.07.23"]
[Round "5"]
[White "Pilgaard,K"]
[Black "Tyomkin,D"]
[Result "0-1"]
[WhiteElo "2438"]
[BlackElo "2461"]

1.e4 c5 2.Nf3 d6 3.d4 cxd4 4.Nxd4 Nf6 5.Nc3 Nc6 6.Bg5 e6 7.Qd2 Be7 8.O-O-O Nxd4
9.Qxd4 O-O 10.h4 a6 11.Bd3 Qa5 12.f4 e5 13.Qe3 exf4 14.Bxf4 Be6 15.a3 Rac8
16.Qe1 Qb6 17.Be3 Qc7 18.Bd4 Nd7 19.Nd5 Bxd5 20.exd5 Rce8 21.Qc3 Qxc3 22.Bxc3 Bf6
23.Bb4 Be5 24.Rde1 Bg3 25.Rxe8 Rxe8 26.Rh3 Be5 27.c4 h5 28.Kc2 g6 29.Rf3 f5
30.Bd2 Bf6 31.Bf4 Ne5 32.Bxe5 Rxe5 33.g3 Kf8 34.b4 Ke7 35.Rf2 Re3 36.Re2 Rxe2+
37.Bxe2 Bd4 38.Bf3 Bf2 39.c5 Bxg3 40.c6 b5 41.a4 bxa4 42.Be2 Kd8 43.Bxa6 Kc7
44.Bb5 a3 45.Kb3 Bxh4 46.Kxa3 Bf6 47.Kb3 h4 48.Kc2 h3 49.Bf1 h2 50.Bg2 g5
51.Kd3 g4 52.Ke3 Bg5+ 53.Kf2 f4 54.Bh1 f3 55.Ke1 Bh4+ 56.Kd2 Bf2 57.Kd1 Bb6
58.Ke1 Kd8 59.Kf1 Ke7 60.b5 Kf6 61.c7 Bxc7 62.Kf2 Bb6+ 63.Kg3 Kg5 64.Kxh2 Kh4  0-1

[Event "Dutch Open"]
[Site "Dieren NED"]
[Date "2001.07.23"]
[Round "6"]
[White "Vink,N"]
[Black "Van der Weide,K"]
[Result "1-0"]
[WhiteElo "2281"]
[BlackElo "2448"]

1.e4 c5 2.Nf3 Nc6 3.d4 cxd4 4.Nxd4 Nf6 5.Nc3 d6 6.Bg5 e6 7.Qd2 Be7 8.O-O-O O-O
9.f3 Qb6 10.Be3 Qc7 11.h4 a6 12.h5 Ne5 13.g4 Nfd7 14.g5 b5 15.g6 Nc5 16.gxh7+ Kh8
17.f4 Ng4 18.Rg1 Nxe3 19.Qxe3 b4 20.Nb1 e5 21.fxe5 dxe5 22.Nf5 Bxf5 23.exf5 Rac8
24.Rd2 Bf6 25.h6 g5 26.fxg6 fxg6 27.Bh3 Rce8 28.Rxg6 e4 29.Kd1 Qe5 30.Rdg2 Qh5+
31.Kc1 Kxh7 32.Nd2 Re7 33.Rg1 Qd5 34.Kb1 Kh8 35.Rf1 Qh5 36.Bf5 Re5 37.Qg1 Rxf5
38.Rxf6 Rxf1+ 39.Qxf1 Rg8 40.Rf5 Qh2 41.Qe1 Qg1 42.Rf1 Qd4 43.Nb3 Nxb3 44.axb3 e3
45.Qe2 Re8 46.Qh5 Qd7 47.Rd1 Qe7 48.Qg4 a5 49.Re1 Qf6 50.Qd7 Qe7 51.Qd5 Qh4
52.Ka2 Qe4 53.Qg5 Qe5 54.Qg6 Rg8 55.Qf7 e2 56.Qf3 Rg3 57.Qxe2 Qxe2 58.Rxe2 Rg5
59.Rh2 Kh7 60.c4 Rf5 61.Kb1 Re5 62.Kc2 Rg5 63.Kd3 Rg3+ 64.Kd4 Rxb3 65.c5 a4
66.Kc4  1-0

[Event "Open"]
[Site "Novosibirsk RUS"]
[Date "2001.07.23"]
[Round "5"]
[White "Botvinkov,A"]
[Black "Katalymov,B"]
[Result "1/2-1/2"]
[WhiteElo "2220"]
[BlackElo "2424"]

1.e4 c5 2.Nf3 d6 3.d4 cxd4 4.Nxd4 Nf6 5.Nc3 Nc6 6.Bg5 Bd7 7.Qd2 Rc8 8.O-O-O Nxd4
9.Qxd4 Qa5 10.f4 e5 11.Qd2 Bc6 12.Kb1 Be7 13.Bc4 b5 14.Bxf6 gxf6 15.Bd5 Bd7
16.fxe5 b4 17.exf6 Bxf6 18.Bxf7+ Kxf7 19.Nd5 Be6 20.Rhf1 Bxd5 21.Rxf6+ Kxf6
22.Qh6+ Ke7 23.Rxd5 Qb6 24.Qg7+ Ke6 25.Qg4+ Ke7  1/2-1/2